مسلم ولا مسيحي ؟ / (Record no. 27029)
[ view plain ]
| 000 -الفاتح | |
|---|---|
| حقل البيانات ثابتة الطول | 01606nam a22003255a 4500 |
| 003 - محدد رقم الضبط | |
| رقم الضبط | EG-ScBUE |
| 005 - وقت وتاريخ اخر تعامل مع التسجيلة | |
| رقم الضبط | 20190613134242.0 |
| 008 - عناصر البيانات ثابتة الطول - معلومات عامة | |
| حقل البيانات ثابتة الطول | 181205s2018 ua a frb 000 0 ara d |
| 017 ## - رقم الإيداع القانونى | |
| رقم الإيداع القانونى | 2018 / 19167 |
| 040 ## - مصدر الفهرسة | |
| وكالة الفهرسة الأصلية | EG-ScBUE |
| لغة الفهرسة | ara |
| وكالة النسخ | EG-ScBUE |
| وكالة التعديل | EG-ScBUE |
| 043 ## - رمز المنطقة الجغرافية | |
| رمز المنطقة الجغرافية | f-ua--- |
| 082 04 - رقم تصنيف ديوى العشرى | |
| رقم التصنيف | 323.60962 |
| رقم المادة | ص د ي |
| رقم الطبعة | 22 |
| 100 1# - المدخل الرئيسى - إسم شخصى | |
| الإسم الشخصى | صديق، رامي عطا، |
| التواريخ المصاحبة للاسم | 1977- |
| 245 10 - بيان العنوان | |
| العنوان | مسلم ولا مسيحي ؟ / |
| بيان المسئوليه,etc | رامي عطا صديق. |
| 250 ## - بيان الطبعة | |
| بيان الطبعة | ط. 2، مزيدة ومنقحة. |
| 260 ## - PUBLICATION, DISTRIBUTION, ETC. (IMPRINT) | |
| مكان الناشر او الموزع | [د. م. : |
| اسم الناشر او الموزع | د. ن.]، |
| تاريخ النشر أو التوزيع | 2018 |
| مكان الصناعة | (القاهرة : |
| المنتج | مطبعة الدرة) |
| 300 ## - الوصف المادى | |
| التعداد | 168 ص. : |
| تفاصيل ماديه اخرى للوعاء | إيض. ؛ |
| أبعاد الوعاء | 22 سم. |
| 500 ## - تبصرة عامة | |
| تبصرة عامة | "الكتاب الفائز بجائزة الدولة التشجيعية في سياسات مناهضة التمييز لعام 2017م من المجلس الأعلى للثقافة"-- صفحة العنوان. |
| 500 ## - تبصرة عامة | |
| تبصرة عامة | "يصدر هذا الكتاب بالتعاون بين 'مبادرة إعلام المواطنة والحوار CDM' وبرنامج 'كايسييد KAICIID' للزمالة الدولية" |
| 504 ## - تبصرة ببليوجرافية | |
| تبصرة ببليوجرافية,الخ | يشتمل على إرجاعات ببليوجرافية. |
| 541 ## - تبصرة المصدر المباشر للتزويد | |
| مصدر التزويد | أ. محمد فريد خميس ؛ |
| طريقة التزويد | إهداء ؛ |
| 650 #7 - المدخل الاضافى بالموضوع-مصطلح موضوعى | |
| مصطلح موضوعي أو اسم جغرافي كعنصر مدخل | الوحدة الوطنية |
| التقسيم الفرعي الجغرافي | مصر. |
| مصدر الرأس أو المصطلح | BUEsh |
| 650 #7 - المدخل الاضافى بالموضوع-مصطلح موضوعى | |
| مصطلح موضوعي أو اسم جغرافي كعنصر مدخل | الصراع الطائفي |
| التقسيم الفرعي الجغرافي | مصر. |
| مصدر الرأس أو المصطلح | BUEsh |
| 650 #7 - المدخل الاضافى بالموضوع-مصطلح موضوعى | |
| مصطلح موضوعي أو اسم جغرافي كعنصر مدخل | المسلمون والمسيحيون |
| التقسيم الفرعي الجغرافي | مصر. |
| مصدر الرأس أو المصطلح | BUEsh |
| 650 #7 - المدخل الاضافى بالموضوع-مصطلح موضوعى | |
| مصطلح موضوعي أو اسم جغرافي كعنصر مدخل | مصر |
| التقسيم الفرعي العام | أحوال اجتماعية. |
| مصدر الرأس أو المصطلح | BUEsh |
| 9 (RLIN) | 21062 |
| 650 #7 - المدخل الاضافى بالموضوع-مصطلح موضوعى | |
| مصطلح موضوعي أو اسم جغرافي كعنصر مدخل | مصر |
| التقسيم الفرعي العام | سياسة وحكومة. |
| مصدر الرأس أو المصطلح | BUEsh |
| 651 ## - المدخل الاضافى بالموضوع - اسم جغرافى | |
| مصدر الرأس أو المصطلح | BUEsh |
| 653 ## - مصطلح تكشيفى غير مقيد | |
| Resource For college | BAEPS, Political Science |
| -- | Generalities |
| Arrived date list | December2018 |
| -- | June2019 |
| 942 ## - عناصر المدخل الإضافي( كوها) | |
| مصدر التصنيف او مخطط الترفيف | Dewey Decimal Classification |
| حالة التراجع | حالة الفقد | مصدر التصنيف او خطة الترفيف | حالة تلف | ليس للاعارة | مجموعات كوها | المكان الدائم | المكان الحالي | موقع الترفيف | تاريخ الاكتساب | Source of acquisition | رقم الاستدعاء | الباركود | Date last seen | تبصرة غير عامة( المفوع للعناصر المفقوده) | نوع الوعاء |
|---|---|---|---|---|---|---|---|---|---|---|---|---|---|---|---|
| Dewey Decimal Classification | Donation-Gift | Central Library | Central Library | Ground Floor | 05/12/2018 | Donation | 323.60962 ص د ي | 000044029 | 15/07/2025 | Donation from Mr. Farid Khamis | Book - Borrowing | ||||
| Dewey Decimal Classification | Donation-Gift | Central Library | Central Library | First floor | 09/06/2019 | Donation | 323.60962 ص د ي | 000047909 | 15/07/2025 | Donation from Mr. Farid Khamis | Book - Borrowing |